000 00583nam a2200169Ia 4500
005 20250508160030.0
008 008 250505s9999 xx 000 0 eng d
037 _aBooks to be hide in OPAC
040 _aFEDL
_beng
_cFEDL
041 _aeng
_2eng
084 _a371.709 42, GRE
_qFEDL
245 0 _aHealth of the school child: Annual report of the chief medical officer of the baord of education for the year 1929
260 _aLondon, UK
_bHis Majesty's Stationery Office
_c1930
300 _a152p.
942 _cHB
_h371.709 42, GRE
999 _c1361221
_d1361221